000 00973cam a2200361 4500500
005 20260405001559.0
041 _afre
042 _adc
100 1 0 _aGarnier, Philippe
_eauthor
245 0 0 _aCet objet vous veut-il du bien?
260 _c2013.
500 _a56
690 _aDerrida
690 _aÉcrit
690 _aGeek
690 _aHeidegger
690 _aIntimité
690 _aJérémie Zimmermann
690 _aJohn Perry
690 _aMartin Rueff
690 _aMaurizio Ferraris
690 _aMétaphysique
690 _aMonde arabe
690 _aPierre Cassou-Noguès
690 _aPolitique
690 _aSentiment
690 _aSmartphone
690 _aSurveillance
690 _aTéléphone portable
690 _aTemps
786 0 _nPhilosophie magazine | 73 | 10 | 2013-10-01 | p. 38-38 | 1951-1787
856 4 1 _uhttps://shs.cairn.info/magazine-philosophie-magazine-2013-10-page-38?lang=fr&redirect-ssocas=7080
999 _c2048994
_d2048994